| Tag |
First Indicator |
Second Indicator |
Subfields |
| LEADER |
00000cam a22000001 4500 |
| 001 |
in00000041470 |
| 005 |
20151007074547.0 |
| 008 |
731212s1966 enka b 00010 eng |
| 010 |
|
|
|a 66017054
|
| 015 |
|
|
|a B66-21085
|
| 035 |
|
|
|a (OCoLC)00494900
|
| 035 |
|
|
|9 AAF1719AM
|
| 040 |
|
|
|a DLC
|c DLC
|d TXA
|d UtOrBLW
|
| 049 |
|
|
|a TXAM
|c [463515]
|
| 050 |
|
0 |
|a GC211
|b .P48
|
| 082 |
0 |
|
|a 551.47022
|
| 090 |
|
|
|a GC211
|b .P48 1966
|
| 092 |
|
|
|a 551.47
|b P562d, 1966
|
| 100 |
1 |
|
|a Phillips, O. M.
|q (Owen M.),
|d 1930-
|
| 245 |
1 |
4 |
|a The dynamics of the upper ocean /
|c by O. M. Phillips.
|
| 264 |
|
1 |
|a Cambridge :
|b Cambridge U.P.,
|c 1966.
|
| 300 |
|
|
|a vii, 261 pages :
|b diagrams ;
|c 23 cm.
|
| 336 |
|
|
|a text
|b txt
|2 rdacontent
|
| 337 |
|
|
|a unmediated
|b n
|2 rdamedia
|
| 338 |
|
|
|a volume
|b nc
|2 rdacarrier
|
| 490 |
1 |
|
|a Cambridge monographs on mechanics and applied mathematics
|
| 504 |
|
|
|a Bibliography: pages 244-255.
|
| 536 |
|
|
|a From the library of Dr. Takashi Ichiye, May 2004.
|
| 650 |
|
0 |
|a Ocean waves.
|
| 830 |
|
0 |
|a Cambridge monographs on mechanics and applied mathematics.
|
| 999 |
|
|
|a MARS
|
| 999 |
f |
f |
|s fbabf5ed-4914-397b-8271-025addc65ed2
|i 639d58dc-18d1-3322-baa6-6ba953e898e7
|t 0
|
| 952 |
f |
f |
|p normal
|a Texas A&M University
|b College Station
|c Sterling C. Evans Library
|d Evans: Library Stacks
|t 0
|e GC211 .P48 1966
|h Library of Congress classification
|i unmediated -- volume
|m A14832012284
|
| 998 |
f |
f |
|a GC211 .P48 1966
|t 0
|l Evans: Library Stacks
|